000 00280nam a22001217a 4500
008 180123b xxu||||| |||| 00| 0 eng d
041 _aeng
080 _a159.9 ARO
100 _a48
101 _aPSI
245 _aUnderstanding Alzheimer's Disease
_cAronson,M.K
942 _2udc
_cBK
999 _c40734
_d40734